| 000 | 01220cab a2200229 4500 | ||
|---|---|---|---|
| 001 | X85088 | ||
| 008 | 090401t1998 xxu||||| |||| 00| 0 eng d | ||
| 035 | _a(Sirsi) u85088 | ||
| 041 | _aeng | ||
| 245 | _aBristol CC v Lovell | ||
| 260 | _c1998 | ||
| 350 | _a0 | ||
| 490 |
_aWeekly Law Reports _v[1998] 1 WLR 446-460(15) |
||
| 520 | _aHL 26 February 1998. The defendant (D) was the secure tenant of a council house owned by the plaintiffs (P). D exercised his right to buy pursuant to the provisions of Housing Act 1985 Part V. P admitted right to buy, then served notice of intention to make a claim for possession. D accepted P`s terms, later amending his defence to add a counterclaim. D applied to county court for an injunction under s138 of the Act. The district judge declined to grant an injunction, so P`s claim for possession would be tried first. Judge allowed appeal by D and granted him an injunction. CA dismissed appeal by P. On appeal by P, Held, plaintiffs appeal allowed. | ||
| 650 | _aCOUNCIL HOUSE | ||
| 650 | _aHOUSING ACT 1985 | ||
| 650 | _aRIGHT TO BUY | ||
| 650 | _aSECURE TENANCY | ||
| 690 | _aLANDLORD AND TENANT-CASE LAW-RESIDENTIAL TENANCIES | ||
| 942 | _n0 | ||
| 948 | _c19/03/1998 | ||
| 999 |
_c53501 _d53501 |
||